000 01009nas a2200265 4500
001 BR8202031
003 BR-BrBNA
005 20231205085127.0
007 ta
008 230509b bl.|||p| |||| 00| 00por d
040 _aBR-BrBNA
_bpor
_cBiblioteca Nacional de Agricultura
041 _a(Fr)
072 _aH20
100 1 _aLuz, W.C. da
245 1 _aEffects de fongicides systemiques utilises in traitement des semences sur la rayure reticulee de l'orge [Cevada; Hordeum spp.; Semente; Mancha reticulada; Pyrenophora teres; Fungicida sistemico]
246 1 _a[Effects of systemic fungicides used in seed treatment on reticular sport of barley [Hordeum spp, Pyrenophora teres]]
650 _aCEVADA
650 _aMANCHA RETICULAR
650 _aFUNGICIDA SISTEMICO
650 _aSEMENTE
650 _aCONTROLE QUIMICO
773 0 _tFitopatologia Brasileira (Brazil)
_xISSN 0100-4158
_g(Jun 1982), v. 7(2) p. 169-173
_wBR8202031
909 _a202311
_bLúcia
_c55
_dLúcia Elande
942 _2AGRIS
_n0
_cANA
999 _c109392
_d109392